Reglas para la dirección del espíritu. Investigación de la verdad por la luz natural. Discurso del método. Las pasiones del alma. Tratado del hombre /
Guardado en:
| Autor Principal: | |
|---|---|
| Otros Autores: | |
| Formato: | Libro |
| Idioma: | Undetermined |
| Publicado: |
Madrid :
Gredos,
2014.
|
| Series: | Grandes pensadores
|
| Materias: | |
| Etiquetas: |
Agregar Etiqueta
Sin Etiquetas, Sea el primero en etiquetar este registro!
|
| LEADER | 02757nam a22001935a 4500 | ||
|---|---|---|---|
| 001 | CEM.cems020606 | ||
| 008 | 231106s2014####sp############000#0#und#d | ||
| 005 | 20231106191005.0 | ||
| 245 | 1 | 0 | |a Reglas para la dirección del espíritu. Investigación de la verdad por la luz natural. Discurso del método. Las pasiones del alma. Tratado del hombre / |c René Descartes ; estudio introductorio por Cirilo Flórez Miguel. |
| 260 | |a Madrid : |b Gredos, |c 2014. | ||
| 300 | |a 312 p. | ||
| 490 | 1 | |a Grandes pensadores | |
| 505 | 0 | |a Estudio introductorio (René Descartes, la construcción de la modernidad -- Vida y contexto histórico -- La vocación de Descartes -- El camino de la filosofía -- Los últimos años -- El Renacimiento, una época de cambio -- La nueva antropología -- La dialéctica renacentista -- Método e historia en el Renacimiento -- El Barroco, época de Descartes -- Los caminos del empirismo -- La conciencia religiosa -- El Barroco y la concepción cartesiana del mundo -- Pensamiento -- El comienzo del sistema -- Las "Reglas": ruptura con el aristotelismo y la escolástica y opción por la matemática universal -- La "Investigación de la verdad por la luz natural" -- Verdades eternas -- La formación del sistema cartesiano y su lectura del mundo -- "El Mundo" -- La antropología cartesiana -- "El tratado del hombre" -- El método cartesiano -- Estructura del "Discurso": las seis partes del método -- La exposición del sistema -- Las "Meditaciones metafísicas" -- La importancia del orden en la filosofía de Descartes -- La duda metodológica, el "genio maligno" y la teoría epistemológica -- El cogito -- Teoría cartesiana de la mente -- Las interpretaciones del cogito cartesiano -- Las "Objeciones y respuestas" a las "Meditaciones" -- Los principios de la filosofía -- La "Conversación con Burman" -- El último trayecto: "Las pasiones del alma" y "Correspondencia con Isabel de Bohemia" -- El yo originario y la moral -- La "mente corpórea" y el proyecto de fundación de la moral -- El "yo soy" como punto de partida de la moral" -- La psicofisiología cartesiana -- De la búsqueda de la verdad a la dirección de la vida -- Las pasiones y el sujeto agente de la moral -- Teoría cartesiana de la generosidad: de la búsqueda de la verdad al ejercicio del libre arbitrio -- El sujeto libre -- Ideas, pasiones y acciones -- Verdad y moral) -- Reglas para la dirección del espíritu. Investigación de la verdad por la luz natural. Discurso del método. Las pasiones del alma. Tratado del hombre | |
| 020 | |a 9788447377534 | ||
| 100 | 1 | |a Descartes, René. | |
| 700 | 1 | |a Flórez Miguel, Cirilo; pról. | |
| 653 | |a Filosofía francesa | ||
| 653 | |a Metafísica | ||
| 859 | |a CEMS |b BIB. CEMS - 11 de abril |h 110 |i D453-1 |p 29730.23 |t Ej.1 | ||
